Most used coding languages - Statistics

General Stats
  • This quiz has been taken 836 times
  • The average score is 6 of 11
Answer Stats
Hint Answer % Correct
5 Java
96%
2 Python
96%
8 C#
95%
1 JavaScript
81%
3 HTML
69%
4 CSS
50%
6 SQL
34%
11 Go
31%
9 Rust
31%
10 Perl
12%
7 NoSQL
5%
No matching quizzes found
Score Distribution
Percent of People with Each Score
Percentile by Number Answered
Your Score History
You have not taken this quiz